Statistiques concernant Albums studios de Julien Clerc

Cliquez ici pour prendre le quiz!

Statistiques générales

  • Ce quiz a été pris 2 fois
  • Le résultat moyen est 17 sur 27

Statistiques - réponses

AnnéeAlbum% Correct
2017À nos amours
100%
1980Clerc Julien
100%
2019Duos
100%
1997Julien
100%
1968Julien Clerc
100%
1972Liberté, Égalité, Fraternité... ou la Mort
100%
2021Terrien
100%
1992Utile
100%
1984Aime-moi
50%
1976À mon âge et à l'heure qu'il est
50%
1973Ca fait pleurer le bon dieu
50%
1970Des jours entiers à t'aimer
50%
2005Double Enfance
50%
1990Fais-moi une place
50%
1982Femmes, Indiscrétion, Blasphème
50%
2011Fou, peut-être
50%
1978Jaloux
50%
1987Les Aventures à l'eau
50%
2021Les Jours heureux
50%
1971Niagara
50%
2008Où s'en vont les avions ?
50%
2014Partout la musique vient
50%
1980Sans entracte
50%
2000Si j'étais elle
50%
2003Studio
50%
1974Terre de France
50%
1975No 7
0%

Distribution des résultats

Percentile par nombre de réponses

% des personnes avec chaque résultat

Votre développement - résultats

Vous n’avez pas pris ce quiz